000 01717nam a2200373 c 4500
003 BLK
005 20240613093152.0
008 180411b bul|||||r ||||||| ||bul||
010 _aKNG00194287000
040 _aBLK
041 _aBUL
_cBUL
080 _aМузиканти-творци, композитори
_b78.071.1
_x(497.2)(092)
_z78.071.1(497.2)(092)
080 _a
_b929 Кръстев, Александър
_x
_z929 Кръстев, Александър
100 _aГайтанджиев, Генчо Стоянов
_d1935-2010
_9374025
139 _aРанкова, Велислава
_bК 92
245 1 0 _aАлександър Кръстев
_cГенчо Стоянов Гайтанджиев.
257 _aBGR
260 София
_bНаука и изкуство
_c1962
300 _a54 с.
_c17 см
380 _a7
500 _aСписък на композициите и публикациите.
600 0 _aКръстев, Александър
_cкомпозитор, цигулар, педагог, ръководител на Варненското музикално училище
_d1879 - 1945
_gГеоргиев, Александър Кръстев; Кръстев, Александър Кръстев; Кръстев, Ал.
_9376500
650 4 _aКомпозитори, български - биографии
_9261390
653 _aкомпозитори
653 _aбиографии
653 _aБългария
653 _aАлександър Кръстев
852 _aЦб І 5493
856 4 _qpdf
_u
856 4 _qpdf
_u
942 _cKNG
_n0
944 _aCR
_c24.10.2016
_k30540
_lСевдалина Тодорова
944 _aED
_c24.10.2016
_kИрена_Линкова
999 _c185294
_d185294